Introduction to mathematical statistics /
Guardado en:
| Autor Principal: | |
|---|---|
| Otros Autores: | |
| Formato: | Libro |
| Idioma: | English |
| Publicado: |
New York : London :
Macmillan ; Collier-Macmillan,
c1965.
|
| Edición: | 2nd ed. |
| Etiquetas: |
Agregar Etiqueta
Sin Etiquetas, Sea el primero en etiquetar este registro!
|
| LEADER | 00546nam a22001695a 4500 | ||
|---|---|---|---|
| 001 | MAT.inmabb001280 | ||
| 008 | 031121s1965####nyu###########000#0#eng#d | ||
| 005 | 20160601163952.0 | ||
| 245 | 1 | 0 | |a Introduction to mathematical statistics / |c Robert V. Hogg and Allen T. Craig. |
| 250 | |a 2nd ed. | ||
| 260 | |a New York : |b Macmillan ; |a London : |b Collier-Macmillan, |c c1965. | ||
| 300 | |a x, 383 p. ; |c 24 cm. | ||
| 510 | 4 | |a MR, |c 30 #4313 | |
| 100 | 1 | |a Hogg, Robert V. | |
| 700 | 1 | |a Craig, Allen T. | |
| 084 | |a 62-01 |2 msc2000 | ||
| 859 | |h 62 |i H716-2 |p A-1508 |b BIB. MATEMATICA | ||
